The Low End Theory - A Tribe Called Quest - Statistics

General Stats
  • This quiz has been taken 6 times
  • The average score is 9 of 14
Answer Stats
Songs Plays Artists % Correct
Check the Rhime 121,200,247 A Tribe Called Quest
100%
Buggin' Out 68,287,562 A Tribe Called Quest
75%
Butter 24,545,261 A Tribe Called Quest
75%
Everything Is Fair 9,473,952 A Tribe Called Quest
75%
Excursions 49,995,013 A Tribe Called Quest
75%
Scenario 71,068,715 A Tribe Called Quest, Busta Rhymes, Dinco D, Charlie Brown
75%
Show Business 12,920,175 A Tribe Called Quest, Diamond D, Lord Jamar, Sadat X
75%
The Infamous Date Rape 9,476,520 A Tribe Called Quest
75%
Vibes and Stuff 17,721,661 A Tribe Called Quest
75%
What? 10,262,812 A Tribe Called Quest
75%
Jazz (We've Got) 83,069,947 A Tribe Called Quest
50%
Rap Promoter 15,739,736 A Tribe Called Quest
50%
Verses from the Abstract 16,681,384 A Tribe Called Quest, Vinia Mojica, Ron Carter
50%
Skypaper 8,506,63 A Tribe Called Quest
0%
No matching quizzes found
Score Distribution
Percent of People with Each Score
Percentile by Number Answered
Your Score History
You have not taken this quiz